[Event "Yuzhny FO-ch op"]
[Site "Armavir"]
[Date "2015.02.??"]
[Round "6"]
[White "Pogrebnoy, Evgeny"]
[Black "Mantsinov, Bagma"]
[Result "1/2-1/2"]
[WhiteElo "2044"]
[BlackElo "2183"]
[PlyCount "48"]
[EventDate "2015.02.13"]
[EventType "swiss"]
[EventRounds "9"]
[EventCountry "RUS"]
[SourceTitle "CBM 165 Extra"]
[Source "ChessBase"]
[SourceDate "2015.04.21"]
[SourceVersion "1"]
[SourceVersionDate "2015.04.21"]
[SourceQuality "1"]

1. e4 c5 2. Nf3 a6 3. c3 Nf6 4. e5 Nd5 5. d4 cxd4 6. cxd4 Nc6 7. Bc4 Nb6 8. Bb3 d5 9. 0-0 Bg4 10. Be3 e6 11. Nbd2 Be7 12. Rc1 Na5 13. Bc2 Nac4 14. b3 Na5 15. Bd3 Nc6 16. h3 Bh5 17. Qe2 Ba3 18. Rc3 Rc8 19. Nb1 Bb4 20. Rcc1 Be7 21. a3 Na7 22. b4 0-0 23. Rxc8 Qxc8 24. Rc1 Qd7 1/2-1/2

[Event "Kalmykia-ch"]
[Site "Elista"]
[Date "2008.12.17"]
[Round "7"]
[White "Olenina, Aysa"]
[Black "Mantsinov, Bagma"]
[Result "0-1"]
[WhiteElo "1949"]
[BlackElo "2203"]
[PlyCount "68"]
[EventDate "2008.12.12"]
[EventType "tourn"]
[EventRounds "9"]
[EventCountry "RUS"]
[SourceTitle "EXT 2022"]
[Source "ChessBase"]
[SourceDate "2021.10.06"]
[SourceVersion "1"]
[SourceVersionDate "2021.10.06"]
[SourceQuality "1"]

1. e4 c5 2. Nf3 Nc6 3. d4 cxd4 4. Nxd4 g6 5. Nc3 Bg7 6. Be3 Nf6 7. Bc4 0-0 8. f3 e6 9. Nxc6 dxc6 10. e5 Nd5 11. Bxd5 exd5 12. f4 Qh4+ 13. g3 Qh3 14. Qf3 b6 15. 0-0-0 Bg4 16. Qf1 Rfd8 17. Qxh3 Bxh3 18. Rhg1 Bg4 19. Rd3 Rd7 20. b4 Rad8 21. Bd4 Bf8 22. b5 c5 23. Bf2 c4 24. Rd2 Bb4 25. Bd4 Bxc3 26. Bxc3 d4 27. Bb4 c3 28. Rf2 Rd5 29. h3 Be6 30. a4 Rc8 31. g4 Rc4 32. f5 Rxb4 33. fxe6 Rxa4 34. exf7+ Kf8 0-1

[Event "RUS-ch 60th zt"]
[Site "Rostov on Don"]
[Date "2007.03.??"]
[Round "2"]
[White "Karpov, Vadim"]
[Black "Mantsinov, Bagma"]
[Result "1-0"]
[WhiteElo "2402"]
[BlackElo "2241"]
[PlyCount "73"]
[EventDate "2007.03.16"]
[EventType "swiss"]
[EventRounds "9"]
[EventCountry "RUS"]
[SourceTitle "EXT 2022"]
[Source "ChessBase"]
[SourceDate "2021.10.06"]
[SourceVersion "1"]
[SourceVersionDate "2021.10.06"]
[SourceQuality "1"]

1. Nf3 Nf6 2. c4 g6 3. Nc3 Bg7 4. d4 c5 5. g3 0-0 6. Bg2 Na6 7. 0-0 d6 8. b3 Qa5 9. Bb2 cxd4 10. Nxd4 Qh5 11. e4 Bg4 12. f3 Bh3 13. Re1 Bxg2 14. Kxg2 Nc7 15. Rc1 a6 16. Re2 Rad8 17. Nd5 Ncxd5 18. exd5 Rfe8 19. Qd2 Nd7 20. Rce1 Bf6 21. f4 Kf8 22. h3 Qh6 23. g4 Qg7 24. g5 Bxd4 25. Bxd4 f6 26. Re6 Qf7 27. Qe3 b5 28. Qc3 f5 29. cxb5 Rc8 30. Qd3 axb5 31. Qxb5 Nc5 32. Bxc5 Rxc5 33. Qd3 Qg7 34. R1e2 Rc3 35. Qd2 Rc7 36. Qb2 Rc3 37. Rf6+ 1-0

[Event "RUS-ch 60th zt"]
[Site "Rostov on Don"]
[Date "2007.03.??"]
[Round "1"]
[White "Mantsinov, Bagma"]
[Black "Vargin, Alexander"]
[Result "1-0"]
[WhiteElo "2241"]
[BlackElo "1862"]
[PlyCount "71"]
[EventDate "2007.03.16"]
[EventType "swiss"]
[EventRounds "9"]
[EventCountry "RUS"]
[SourceTitle "EXT 2022"]
[Source "ChessBase"]
[SourceDate "2021.10.06"]
[SourceVersion "1"]
[SourceVersionDate "2021.10.06"]
[SourceQuality "1"]

1. Nf3 b6 2. d4 Bb7 3. c4 e6 4. Nc3 Nf6 5. Qc2 d5 6. e3 Nbd7 7. Be2 Bb4 8. cxd5 Nxd5 9. 0-0 0-0 10. e4 N5f6 11. e5 Nd5 12. Ne4 Be7 13. a3 c5 14. dxc5 Nxc5 15. Nxc5 Bxc5 16. Ng5 g6 17. Rd1 Qc7 18. Bf3 Qxe5 19. Ne4 Rac8 20. Nxc5 Rxc5 21. Qa4 a6 22. Bh6 b5 23. Bxf8 bxa4 24. Bxc5 Bc6 25. Bd4 Qb8 26. Rac1 Bd7 27. g3 e5 28. Bc5 Nf6 29. Be7 Kg7 30. Bxf6+ Kxf6 31. Rxd7 Qxb2 32. Rc6+ Kg7 33. Bd5 Qxa3 34. Rxf7+ Kh6 35. Rcc7 Kg5 36. h4+ 1-0

[Event "RUS-ch 60th zt"]
[Site "Rostov on Don"]
[Date "2007.03.??"]
[Round "4"]
[White "Rozhko, Dmitry"]
[Black "Mantsinov, Bagma"]
[Result "1-0"]
[WhiteElo "2363"]
[BlackElo "2241"]
[PlyCount "80"]
[EventDate "2007.03.16"]
[EventType "swiss"]
[EventRounds "9"]
[EventCountry "RUS"]
[SourceTitle "EXT 2022"]
[Source "ChessBase"]
[SourceDate "2021.10.06"]
[SourceVersion "1"]
[SourceVersionDate "2021.10.06"]
[SourceQuality "1"]

1. d4 Nf6 2. Nf3 g6 3. Bf4 Bg7 4. h3 d6 5. c3 c6 6. Nbd2 Nbd7 7. e3 0-0 8. Be2 Re8 9. Bh2 b5 10. a4 bxa4 11. Qxa4 Bb7 12. 0-0 c5 13. Qa2 h6 14. Bc4 Rf8 15. Nh4 d5 16. Bd3 cxd4 17. exd4 Qb6 18. Rfe1 Rfe8 19. Qa5 e6 20. Bc7 Qxa5 21. Rxa5 Rac8 22. Bh2 Nb8 23. Rea1 a6 24. Nhf3 Nfd7 25. Nb3 Rc6 26. R5a2 Rb6 27. Na5 e5 28. dxe5 Nc5 29. Bf1 Bc8 30. Bf4 Nbd7 31. Be3 Ree6 32. c4 dxc4 33. Bxc4 Re8 34. Bd5 Rb8 35. Nc6 Rb5 36. Nfd4 Rb7 37. Rc1 Kf8 38. b4 Nd3 39. Rc3 Nxb4 40. Nxb4 Rxb4 1-0